Normal view
MARC view
- Zahra Fazal
Entry Personal Name
001 - CONTROL NUMBER
- control field: 15217
003 - CONTROL NUMBER IDENTIFIER
- control field: NUST
005 - DATE AND TIME OF LATEST TRANSACTION
- control field: 20190620103213.0
008 - FIXED-LENGTH DATA ELEMENTS
- fixed length control field: 190620|| aca||aabn | a|a d
040 ## - CATALOGING SOURCE
- Original cataloging agency: NUST
- Transcribing agency: NUST
100 ## - HEADING--PERSONAL NAME
- Personal name: Zahra Fazal
670 ## - SOURCE DATA FOUND
- Source citation: Work cat.: (NUST): Zahra Fazal, Automated Segmentation and Classification of Lesion On Breast Ultrasound, 2014
